Southville International School and Colleges
Your cart is empty.
  • Cart
  • Lists
    Public lists Eva Luna New books Lux_list list_1
    Your lists Log in to create your own lists
  • Log in to your account
  • Your cookies
  • Search history
Southville International School and Colleges
  • Advanced search
  • Recent comments
  • Most popular
  • Libraries

Log in to your account

Log in with GOOGLE


If you do not have an external account, but do have a local account, you can still log in:

  1. Home
  2. MARC view: The Mother Goose word book /
Normal view MARC view ISBD view

The Mother Goose word book / (Record no. 101906)

[ view plain ]
MARC details
000 -LEADER
fixed length control field 00474nam a2200157 a 4500
005 - DATE AND TIME OF LATEST TRANSACTION
control field 20140412111220.0
008 - FIXED-LENGTH DATA ELEMENTS--GENERAL INFORMATION
fixed length control field 001109s19uu xx 00 eng d
020 ## - INTERNATIONAL STANDARD BOOK NUMBER
International Standard Book Number 0-307-12119-4
050 ## - LIBRARY OF CONGRESS CALL NUMBER
Classification number M 398.2
Item number M918 1987
245 ## - TITLE STATEMENT
Title The Mother Goose word book /
Statement of responsibility, etc illustrated by Ann Schweninger ; selected by Melanie Donovan.
260 ## - PUBLICATION, DISTRIBUTION, ETC. (IMPRINT)
Place of publication, distribution, etc New York :
Name of publisher, distributor, etc A Golden Book,
Date of publication, distribution, etc 1987.
300 ## - PHYSICAL DESCRIPTION
Extent [22] p. ; ill.
650 ## - SUBJECT ADDED ENTRY--TOPICAL TERM
Topical term or geographic name as entry element Poetry for children
650 ## - SUBJECT ADDED ENTRY--TOPICAL TERM
Topical term or geographic name as entry element Rhymes
Holdings
Withdrawn status Lost status Damaged status Use restrictions Home library Current library Shelving location Date acquired Source of acquisition Total Checkouts Full call number Barcode Date last seen Price effective from Koha item type
        Elizalde Library Elizalde Library Main Section 11/09/2000     M 398.2 M918 1987 E0032 04/12/2014 04/12/2014 Books

The Mother Goose word book /

APA

(1987). The Mother Goose word book. New York: A Golden Book.

Chicago

1987. The Mother Goose word book. New York: A Golden Book.

Harvard

(1987). The Mother Goose word book. New York: A Golden Book.

MLA

The Mother Goose word book. New York: A Golden Book. 1987.

  • Place hold
  • Print
  • Cite
  • Add to your cart (remove)
  • Save record
    BIBTEX Dublin Core MARCXML MARC (non-Unicode/MARC-8) MARC (Unicode/UTF-8) MARC (Unicode/UTF-8, Standard) MODS (XML) RIS
  • More searches
    Search for this title in:
    Other Libraries (WorldCat) Other Databases (Google Scholar) Online Stores (Bookfinder.com) Open Library (openlibrary.org)

Exporting to Dublin Core...

SOUTHVILLE LIBRARY

Southville International School and Colleges Library

1281 Tropical Ave. Cor. Luxembourg St., BF Homes International, Las Pinas City

Tel. No. 8256374 / 252358 Loc. 117/146

Powered by Koha